American theatre

Bibliographic Details
Previous Title:Theatre communications
Corporate Author: Theatre Communications Group
Format: Electronic Journal
Language:English
Published: [New York, NY] : [Theatre Communications Group]
Subjects:
Online Access:Full text available from Research Library: 01/01/1994 to present

MARC

LEADER 00000nas a22000007a 4500
001 ssj0006058
003 WaSeSS
005 20200512172242.0
006 m d
007 cr n
008 050614c19849999nyumn pss ho 0 a0eng c
010 |a  2012203386 
022 |a 2169-1142  |y 8750-3255 
035 |a (WaSeSS)ssj0006058 
040 |a OCLCS  |b eng  |c OCLCS  |d TXJ  |d OCLCQ  |d CEF  |d CUI  |d OCLCE  |d DLC  |d OCLCQ  |d OCLCF  |d OCLCO  |d VT2  |d OCLCQ  |d WYU  |d OCLCO  |d OCLCA  |d WaSeSS 
042 |a pcc  |a nsdp  |a dlr 
043 |a n-us--- 
050 1 4 |a PN2000  |b .A52 
082 1 0 |a 792  |2 14 
082 0 4 |a 792/.0973  |2 19 
130 0 |a American theatre (Online) 
222 0 |a American theatre  |b (Online) 
245 1 0 |a American theatre  |h [electronic resource]. 
260 |a [New York, NY] :  |b [Theatre Communications Group] 
310 |a Monthly (combined May/June and July/Aug.),  |b <2002- 
321 |a Monthly (combined July/Aug.) 
362 1 |a Print began with v. 1, no. 1 (Apr. 1984). 
506 |a License restrictions may limit access. 
538 |a Master and use copy. Digital master created according to Benchmark for Faithful Digital Reproductions of Monographs and Serials, Version 1. Digital Library Federation, December 2002.  |u http://purl.oclc.org/DLF/benchrepro0212  |5 MiAaHDL 
538 |a Mode of access: World Wide Web. 
583 1 |a digitized  |c 2010  |h HathiTrust Digital Library  |l committed to preserve  |2 pda  |5 MiAaHDL 
588 |a Description based on print version record. 
650 0 |a Theater  |z United States  |v Periodicals. 
650 6 |a Théâtre  |z États-Unis  |v Périodiques. 
650 7 |a Theater.  |2 fast  |0 (OCoLC)fst01149217 
650 1 7 |a Toneel.  |2 gtt 
650 0 7 |a Theater.  |2 swd 
650 7 |a Zeitschrift  |2 gnd 
651 7 |a United States.  |2 fast  |0 (OCoLC)fst01204155 
651 7 |a USA.  |2 swd 
655 0 |a Electronic journals. 
710 2 |a Theatre Communications Group. 
776 1 |t American theatre  |x 8750-3255  |w (DLC) 86647441  |w (OCoLC)10594175 
780 0 0 |t Theatre communications 
856 4 0 |z Full text available from Research Library: 01/01/1994 to present  |u https://search.proquest.com/publication/29847